Statistics for Star Wars Trivia

Click here to take the quiz!

General Stats

  • This quiz has been taken 10 times
  • The average score is 14 of 20

Answer Stats

HintAnswer% Correct
Dusty Remote planet in the outer rim?Tatooine
100%
True or False? Does Luke Skywalker Kill the Emperor?False, Luke Sat and watched as his disabled father overcame his injuries and threw his master over the hand railing into the abyss.
100%
Which Jedi Decapitated Jango Fett?Mace Windu
100%
Who was Qui Gon Ginn's Master?Count Dooku
100%
Who Shot First?Greedo
88%
Who says this in 'Revenge of the Sith'?Padmé Amidala
88%
What is the name of the pesky round orange and white droid belonging to Poe Dameron?BB-8
88%
What came first? The knighting of Darth Vader, or , the Jedi Temple Raid?The Knighting of Darth Vader
88%
Which Jedi Master overlooked the training on clone troops on Kamino?Shaak Ti
75%
What was the name of the file Galen Erso named the Death Star plans?Stardust
75%
Soldier in Charge of the 501st Clone Battalion?Captain Rex
75%
Has a Sword style LightsaberKylo Ren
75%
During the Clone Wars Animated Series, What planet does the alien species "Twi'lek" affiliate from?Ryloth
63%
According to Canon, What is Jedi Grand Master Yoda's official height?2 Feet, 2 inches
50%
“So this is how ______ dies. With thunderous applause.”Liberty
50%
What other apperance does Saw Gerrera make other than Rogue One?Star Wars The Clone Wars
50%
What Does "MTT" Stand for?Multi Troop Transport
38%
Standard Blaster series for Clone Troopers?DC-15
25%
The name of Anakin Skywalkers Republic Star Destroyer, during the Clone Wars?The Resolute
13%
In Rogue One, what does the officer say before Jedha is destroyed?Commence Primary Ignition!
13%

Score Distribution

Percentile by Number Answered

Percent of People with Each Score

Your Score History

You have not taken this quiz